000 00635 a2200169 4500
999 _c7721
_d7721
020 _a8174464271
050 _aHF5679 KUM 2006
100 _aKumar, Dharminder
_eauthor
245 _aManagement information systems :
_ba computer oriented approach for business operations /
_cDharminder Kumar and Sangeeta Gupta
264 _aNew Delhi :
_bExcel Books,
_cc2006
300 _aix, 478p. :
_bill.
500 _aIncludes bibliographical references and index
650 _aAccounting
_xData processing
650 _aInformation storage and retrieval systems
_xAccounting
700 _aGupta, Sangeeta
_eauthor
942 _2lcc
_cBK
_h5679
_iKUM
_kHF